00787nam a22002297a 450000500170000001000150001702000260003203500140005803700130007208200110008510000190009624500720011525000130018726000310020027000830023130000270031450000190034170000180036094200250037899900190040395201350042220170919170223.0 aENG-120816 a9788131251638c895.00 aEN-104348 bDBAD/PUB a345.42 aPillai, P.S.A. aP.S.A. Pillai's criminal law /cby P S A Pillai [and] K. I. Vibhute a13th ed  aGurgaonbLexis Nexisc2017 a14th Floor, Building No.10, Tower-B, DLF Cyber City, Phase-IIbGurgaone122002 acxxv,1111p.c25cm(pbk) aIncludes index aVibhute, K.I. 2ddccENmPILh345.42 c145013d145013 001040708REFaBNbBNd2017-09-19eDBAD/PUBg895.00l2m2o345.42 CRIpEN-104348r2025-06-10 00:00:00s2025-05-27t1v895.00yEN